| 000 | 00625nam a22001697a 4500 | ||
|---|---|---|---|
| 008 | 230329b |||||||| |||| 00| 0 eng d | ||
| 020 | _a9780-387-34634-2 | ||
| 040 |
_aNational Science Library _cNational Science Library |
||
| 080 |
_aD 681.324(082.2) _bP6 |
||
| 245 |
_aMobile and wireless communication networks _c/IFIP 19th world computer congress TC-6 8th IFIP/IEEE conference on mobile and wireless communication networks, August 20-25, 2006, Santiago, Chile |
||
| 260 |
_aNew York: _bSpringer, _c2006 |
||
| 300 | _a242p. | ||
| 650 | _aNetwork | ||
| 653 | _aMobile | ||
| 700 | _aPujolle, Guy (Ed.) | ||
| 942 |
_2udc _cPR |
||
| 999 |
_c16395 _d16395 |
||